000 00474nam a2200181Ia 4500
005 20250326125206.0
008 250326s9999 xx 000 0 und d
037 _aTextbook
040 _aFMSL
_beng
_cFMSL
041 _aeng
_2eng
084 _aX:991:Z2 K5;1
_qFMSL
100 _aVaid K N
245 0 _aState and labour in India
_cVaid K N
260 _aNY
_bNY, Asia
_c1965
300 _a258p
942 _cTB
_hX:991:Z2 K5;1
999 _c1276948
_d1276948